00468nam a2200193 a 4500001001300000003000900013005001700022008004100039020001000080082001800090100002100108245002700129260003300156300000800189500003500197505001000232650001100242700002100253nice12345678IN_TiNIC20260116011718.0050524s1888 egya grp 000 0 ara  ac10000a297.1247bNUW aNuwi, Sharfuddin aMatan Al Arbaeen Nuwia aEgyptbMaktaba-E-ilmiac1888 a64p aincludes index and biblioraphy2 aIndex aHadith1 aNuwi, Sharfuddin